LOK ARADHANA KI ABHIVYAKTI [ KHAND-1] (Record no. 8418)

MARC details
000 -LEADER
fixed length control field 00293nam a22001217a 4500
005 - DATE AND TIME OF LATEST TRANSACTION
control field 20230909115244.0
008 - FIXED-LENGTH DATA ELEMENTS--GENERAL INFORMATION
fixed length control field 230909b |||||||| |||| 00| 0 eng d
041 ## - LANGUAGE CODE
Language code of text/sound track or separate title eng
245 ## - TITLE STATEMENT
Title LOK ARADHANA KI ABHIVYAKTI [ KHAND-1]
260 ## - PUBLICATION, DISTRIBUTION, ETC. (IMPRINT)
Place of publication LUCKNOW
Name of publisher ETHER PRESS
Year of publication 2023
300 ## - PHYSICAL DESCRIPTION
Number of Pages 242;p
942 ## - ADDED ENTRY ELEMENTS (KOHA)
Koha item type Books
Holdings
Lost status Damaged status Collection code Home library Current library Shelving location Date acquired Source of acquisition Cost, normal purchase price Full call number Accession Number Koha item type
    ENGLISH LITERATURE JRU Library JRU Library SHELF-103-B 09/09/2023 DONATION 720.00 294.594 0016/D Books
    LIFE SKILL JRU Library JRU Library SHELF-43-A 09/09/2023 DONATION 720.00   0017/D Books
    ENGLISH LITERATURE JRU Library JRU Library SHELF-103-B 24/11/2023 DONATION 720.00 294.594 0024/D Books
    ENGLISH LITERATURE JRU Library JRU Library SHELF-103-B 24/11/2023 DONATION 720.00 294.594 0025/D Books
      JRU Library JRU Library SHELF-43-A 31/12/2024 DONATED 720.00   0054/D Books
    ENGLISH LITERATURE JRU Library JRU Library SHELF-103-B 31/12/2024 DONATED 720.00 294.594 0055/D Books